00413nam a2200121Ia 4500008004100000024004100041082001700082100005500099245005300154260002500207600002100232650003800253250506s9999 xx 000 0 und d a11B-002-BS,11B-40-BS & 11B-50-BS a006.1072 MUH aMuhammd Ismail, tahseen Ullah Khan & Pardeep Kumar 0aPHP Framework GUI Support with Content Mangement aKarachi:bUIT,c2011 aComputer Science aBachelor of Computer Science (BS)